தமிழ் வழிகாட்டி : தரம் - 05 /
Saved in:
| Main Author: | |
|---|---|
| Format: | Book |
| Language: | English Tamil |
| Published: |
கொழும்பு :
மாணவன் பதிப்பகம் ;
2025.
|
| Subjects: | |
| Tags: |
Add Tag
No Tags, Be the first to tag this record!
|
MARC
| LEADER | 00000nam a22000007a 4500 | ||
|---|---|---|---|
| 005 | 20260410153439.0 | ||
| 008 | 260410b |||||||| |||| 00| 0 eng d | ||
| 020 | |a 9789553990099 | ||
| 041 | |a tam | ||
| 082 | |a 494.811 |b ஜௌபர் | ||
| 100 | |a ஏ.எஸ்.ஜௌபர் |9 117214 | ||
| 245 | |a தமிழ் வழிகாட்டி : |b தரம் - 05 / |c ஏ.எஸ்.ஜௌபர் | ||
| 260 | |a கொழும்பு : |b மாணவன் பதிப்பகம் ; |c 2025. | ||
| 300 | |a 303 பக். |c 23.8 Cm. | ||
| 650 | |a Tamil Language (General) |9 117213 | ||
| 942 | |c BK | ||
| 999 | |c 71251 |d 71251 | ||